000
00289nam a22001337a 4500
020
_a
780752525334
082
_a
823
_b
BAX/B
245
_a
THE BUSY BAKER
_b
SHORT STORY
260
_a
BRITIAN
_b
PARRAGON
_c
1998
300
_a
188
520
_a
SHORT STORY
650
_a
SHORT STORY
942
_c
BK
999
_c
3990
_d
3990